Capital Cities Flags Quiz - Statistics

General Stats
  • This quiz has been taken 508 times
  • The average score is 11 of 20
Answer Stats
Picture Answer % Correct
London
93%
Berlin
89%
Washington, D.C.
84%
Moscow
82%
Paris
80%
Rome
79%
Amsterdam
77%
Madrid
76%
Tokyo
75%
Warsaw
66%
Jerusalem
65%
Ottawa
58%
Cairo
51%
Mexico City
47%
Wellington
33%
Kinshasa
24%
Havana
22%
Lima
20%
Pretoria
15%
San José
11%
No matching quizzes found
Score Distribution
Percent of People with Each Score
Percentile by Number Answered
Your Score History
You have not taken this quiz